000 01397cam a2200145 4500500
005 20260329023155.0
041 _afre
042 _adc
100 1 0 _aJullier, Laurent
_eauthor
700 1 0 _aLaborde, Barbara
_eauthor
245 0 0 _aL'analyse des séries
260 _bArmand Colin,
_c2024.
520 _aLongtemps dans l’ombre des films, les séries sont désormais un objet d’analyse incontournable auquel de nombreux professeurs et étudiants consacrent cours, mémoires, thèses et autres travaux. Mais devant la multitude d’objets d’étude offerte par les séries, comment structurer une analyse pertinente ? Quels sont les outils et les méthodes qui permettent de construire un cours, un mémoire ou un exposé ?Conçu comme un guide pratique, applicable à tous les types de séries et à toutes les typologies de travaux, cet ouvrage répondra de manière concise et pédagogique à la question : « J’ai envie d’analyser une série télé, comment je fais ? ». Construit autour de quatre chapitres conçus de manière chronologique (production, récit, langage et réception) et enrichis d’exemples concrets et de conseils méthodologiques, il se révélera le compagnon indispensable de toute personne souhaitant mieux comprendre une série.
856 4 1 _uhttps://shs.cairn.info/l-analyse-des-series--9782200637408?lang=fr&redirect-ssocas=7080
999 _c1925251
_d1925251